El método de enseñanza para la lecto-escritura que usan los profesores de la zona escolar 7-12 del Estado de Morelos / (Record no. 89719)

MARC details
000 -CABECERA
campo de control de longitud fija 00840nam a2200205 a 4500
005 - FECHA Y HORA DE LA ÚLTIMA TRANSACCIÓN
campo de control 20250225063838.0
008 - ELEMENTOS DE LONGITUD FIJA--INFORMACIÓN GENERAL
campo de control de longitud fija 020502s1991 mx r 000 0 spa d
035 ## - NÚMERO DE CONTROL DEL SISTEMA
Número de control de sistema UPN01000117153
049 ## - COLECCIÓN
Colección CG
050 #4 - SIGNATURA TOPOGRÁFICA DE LA BIBLIOTECA DEL CONGRESO
Número de clasificación LB1573
Número de documento/Ítem U7.5
100 1# - ASIENTO PRINCIPAL--NOMBRE PERSONAL
Nombre de persona Uribe López, Sandra Luz.
245 13 - MENCIÓN DE TÍTULO
Título El método de enseñanza para la lecto-escritura que usan los profesores de la zona escolar 7-12 del Estado de Morelos /
Mención de responsabilidad, etc. Sandra Luz Uribe López.
260 ## - PUBLICACIÓN, DISTRIBUCIÓN, ETC.
Lugar de publicación, distribución, etc. México :
Nombre del editor, distribuidor, etc. S.L. Uribe López,
Fecha de publicación, distribución, etc. 1991.
300 ## - DESCRIPCIÓN FÍSICA
Extensión 87, [35] h. :
Otras características físicas il.
502 ## - NOTA DE TESIS
Nota de tesis Tesis (Lic. en Pedagogía) -- Universidad Nacional Autónoma de México. Facultad de Filosofía y Letras. Colegio de Pedagogía, 1991.
650 #4 - ASIENTO SECUNDARIO DE MATERIA - TERMINO TEMATICO
Término de materia o nombre geográfico como elemento de entrada Lectoescritura
9 (RLIN) 2985
650 #4 - ASIENTO SECUNDARIO DE MATERIA - TERMINO TEMATICO
Término de materia o nombre geográfico como elemento de entrada Métodos de estudio
9 (RLIN) 4280
710 2# - ASIENTO SECUNDARIO - NOMBRE CORPORATIVO
Nombre de entidad corporativa o nombre de jurisdicción como elemento de entrada UNAM.
Unidad subordinada Facultad de Filosofía y Letras. Colegio de Pedagogía.
905 ## - TIPO DE MATERIAL
Tipo de material Libro
Holdings
Estado de retiro Estado de pérdida Fuente del sistema de clasificación o colocación Estado dañado No para préstamo Código de colección Localización permanente Ubicación/localización actual Ubicación en estantería Total de préstamos Clasificación Código de barras Fecha visto por última vez Número de copia Tipo de ítem Koha
    Library of Congress Classification     Colección General Bib. Gregorio Torres Quintero Bib. Gregorio Torres Quintero Planta baja 13 LB1573 U7.5 131719 31/12/2020 1 Libro